000
00194 a2200097 4500
020
_a
9789682416170
041
_a
spa
100
_a
Heuer, Margarita
245
_a
Hercules y la chispa
942
_c
BK
999
_c
31960
_d
31958